| 000 | 00420nam a2200169Ia 4500 | ||
|---|---|---|---|
| 008 | 230524s9999 xx 000 0 und d | ||
| 082 |
_a621.38 _bSIS |
||
| 100 | _aM.L.Sisodia | ||
| 245 | 0 | _aMicrowave Circuits and Passive Devices | |
| 250 | _a1ST | ||
| 260 |
_aNEW DELHI _bNew Age _c2003 |
||
| 300 | _aXII;523 | ||
| 500 | _aQuantity Number: 2 | ||
| 650 | _aElectronics | ||
| 700 | _a G.S.Raghuvanshi | ||
| 942 | _cBK | ||
| 999 |
_c37075 _d37075 |
||